Panorama de la literatura argentina contemporánea /
Guardado en:
| Autor Principal: | |
|---|---|
| Formato: | Libro |
| Publicado: |
Buenos Aires :
Mundi,
1941
|
| Materias: | |
| Etiquetas: |
Agregar Etiqueta
Sin Etiquetas, Sea el primero en etiquetar este registro!
|
| LEADER | 00509nam a22001815a 4500 | ||
|---|---|---|---|
| 001 | CEM.cems005069 | ||
| 005 | 20060217000000.0 | ||
| 008 | 130507s1941##################000#0#####d | ||
| 003 | CEMS | ||
| 082 | 0 | 4 | |a A868.4 |
| 100 | 1 | |a Pinto, Juan | |
| 245 | 1 | 0 | |a Panorama de la literatura argentina contemporánea / |
| 260 | |a Buenos Aires : |b Mundi, |c 1941 | ||
| 300 | |a 385 p. | ||
| 653 | |a Cuento argentino-siglo 20 | ||
| 653 | |a Cuentos | ||
| 653 | |a Literatura | ||
| 859 | |a CEMS |b BIB. CEMS - 11 de abril |h A868.4 |i P658 |p 15007.76 |t Ej.1 | ||
